000 00220nam a22000857a 4500
999 _c1042
_d1042
003 OSt
005 20171212161720.0
008 160628b xxu||||| |||| 00| 0 eng d
020 _a8170630967
040 _cHISTORY
100 _91274
_a Lall, S.K
245 _aSaga of India
260 _aNew Delhi
_bArya Publication
_c2002
942 _2ddc
_cREF